Desde México (Record no. 3442)

MARC details
000 -CABECERA
campo de control de longitud fija 01019nam a2200253 a 4500
001 - NÚMERO DE CONTROL
campo de control BRCA_3712
005 - FECHA Y HORA DE LA ÚLTIMA TRANSACCIÓN
campo de control 20190320204408.0
008 - DATOS DE LONGITUD FIJA--INFORMACIÓN GENERAL
campo de control de longitud fija 930716s2009----mx-a#####b---s000-0#spa-#
020 ## - NÚMERO INTERNACIONAL ESTÁNDAR DEL LIBRO
Número Internacional Estándar del Libro 9786077727026
041 ## - CÓDIGO DE LENGUA
Código de lengua del texto/banda sonora o título independiente spa
044 ## - CÓDIGO DEL PAÍS DE LA ENTIDAD EDITORA/PRODUCTORA
Código MARC del país mx
050 #4 - SIGNATURA TOPOGRÁFICA DE LA BIBLIOTECA DEL CONGRESO
Número de clasificación F1211.M4
Número de documento/Ítem .R38 2009
100 1# - ENTRADA PRINCIPAL--NOMBRE DE PERSONA
Nombre de persona Ratzel, Friedrich
Fechas asociadas al nombre 1844-1904
9 (RLIN) 9662
245 10 - MENCIÓN DE TÍTULO
Título Desde México
Resto del título apuntes de viaje de los años 1874-1875
Mención de responsabilidad, etc. Friedrich Ratzel ; traducción de Lucía Luna.
260 ## - PUBLICACIÓN, DISTRIBUCIÓN, ETC.
Lugar de publicación, distribución, etc. México
Nombre del editor, distribuidor, etc. Herder
Fecha de publicación, distribución, etc. 2009
300 ## - DESCRIPCIÓN FÍSICA
Extensión 452 p.
Otras características físicas il., 1 mapa
Dimensiones 22 cm.
Material acompañante/anejo Facsímil del mapa del libro original, 41 x 45 cm.
500 ## - NOTA GENERAL
Nota general Traducción de: Aus Mexico. Reiseskizzen aus den Jahren 1874 und 1875
500 ## - NOTA GENERAL
Nota general Tomada de la reimpresión del original de 1878 (Breslau, J.U. Kern´s Verlag (Max Müller)
504 ## - NOTA DE BIBLIOGRAFÍA, ETC.
Nota de bibliografía, etc. Incluye referencias bibliográficas sobre Ratzel: p. 33-34
650 14 - PUNTO DE ACCESO ADICIONAL DE MATERIA--TÉRMINO DE MATERIA
Término de materia o nombre geográfico como elemento de entrada Viajes y viajeros
Subdivisión general Historia
Subdivisión geográfica México
9 (RLIN) 2991
651 #4 - PUNTO DE ACCESO ADICIONAL DE MATERIA--NOMBRE GEOGRÁFICO
Nombre geográfico México
Subdivisión general Descripción y viajes
Subdivisión cronológica 1874-1875
9 (RLIN) 9663
700 1# - PUNTO DE ACCESO ADICIONAL--NOMBRE DE PERSONA
Nombre de persona Luna, Lucía
Término indicativo de función/relación tr
9 (RLIN) 9664
942 ## - ELEMENTOS DE PUNTO DE ACCESO ADICIONAL (KOHA)
Fuente del sistema de clasificación o colocación Library of Congress Classification
Tipo de ítem Koha Libros
Holdings
Estado de retiro Estado de pérdida Estado dañado No para préstamo Localización permanente Ubicación/localización actual Fecha de adquisición Total de préstamos Signatura topográfica completa Código de barras Fecha visto por última vez Precio válido a partir de Tipo de ítem Koha
El ejemplar forma parte de la colección y puede ser consultado según las políticas vigentes.       Biblioteca del Museo Franz Mayer (Rogerio Casas-Alatriste) Biblioteca del Museo Franz Mayer (Rogerio Casas-Alatriste) 10/09/2009   F1211.M4 .R38 2009 02040 22/03/2019 22/03/2019 Libros